Travelling wave aerial for an/ PRC-77 / (Record no. 215415)

000 -LEADER
fixed length control field 00906 a2200193 4500
003 - CONTROL NUMBER IDENTIFIER
control field 0
005 - DATE AND TIME OF LATEST TRANSACTION
control field 20251110134038.0
040 ## - CATALOGING SOURCE
Transcribing agency Nust
082 ## - DEWEY DECIMAL CLASSIFICATION NUMBER
Classification number 621.382,SAI
100 ## - MAIN ENTRY--PERSONAL NAME
Personal name Ullah, CSUO Saif (TCC-4)
9 (RLIN) 131745
245 ## - TITLE STATEMENT
Title Travelling wave aerial for an/ PRC-77 /
Remainder of title CSUO Saif Ullah, PC Haroon Raees, PC Aqeel, PC Zulfiqar and PC Mansoor (TCC-4)
260 ## - PUBLICATION, DISTRIBUTION, ETC.
Place of publication, distribution, etc. Rawalpindi
Name of publisher, distributor, etc. MCS (UET Lahore)
Date of publication, distribution, etc. 1996
300 ## - PHYSICAL DESCRIPTION
Extent 56 P.;
505 ## - FORMATTED CONTENTS NOTE
Formatted contents note Introduction (Page-1), Long wire antenna (Page-2), Types of travelling wave aerials (Page-7), Design consideration of project (Page-13), Method of achieving desired objective (Page-14), Using short and open circuits (Page-18), design procedures (Page-21), Coupling the line to the antenna (Page-30), Antenna resonance (Page-36).
650 ## - SUBJECT ADDED ENTRY--TOPICAL TERM
Topical term or geographic name entry element UG Projects
9 (RLIN) 98716
651 ## - SUBJECT ADDED ENTRY--GEOGRAPHIC NAME
Geographic name TCC-4
9 (RLIN) 131746
700 ## - ADDED ENTRY--PERSONAL NAME
Personal name Supervised by Brog (R) Iftikhar
9 (RLIN) 131747
942 ## - ADDED ENTRY ELEMENTS (KOHA)
Koha item type Project Report
Source of classification or shelving scheme
Holdings
Withdrawn status Lost status Source of classification or shelving scheme Damaged status Not for loan Permanent Location Current Location Shelving location Date acquired Full call number Barcode Date last seen Price effective from Koha item type Public note Total Checkouts
          Military College of Signals (MCS) Military College of Signals (MCS) Reference 12/12/2016 621.382,SAI MCSPTC-2 12/08/2016 12/12/2016 Project Report Almirah No.94, Shelf No.1  
          Military College of Signals (MCS) Military College of Signals (MCS) Reference 11/10/2025 621.382,SAI MCSPTC-3 11/10/2025 11/10/2025 Project Report Almirah No.94, Shelf No.1  
© 2023 Central Library, National University of Sciences and Technology. All Rights Reserved.